Länder Nordamerikas nach Fläche (beliebige Reihenfolge) - Statistiken

Allgemein
  • Dieses Quiz wurde 4 mal gespielt
  • Das Durchschnittsergebnis liegt bei 18 aus 23
Antwortstatistiken
Hint Antwort % Korrekt
48'670 km² Dominikanische Republik
100%
10'991 km² Jamaika
100%
9'984'670 km² Kanada
100%
110'860 km² Kuba
100%
1'964'375 km² Mexiko
100%
9'525'067 km² USA
100%
443 km² Antigua und Barbuda
75%
13'880 km² Bahamas
75%
430 km² Barbados
75%
22'966 km² Belize
75%
51'100 km² Costa Rica
75%
751 km² Dominica
75%
344 km² Grenada
75%
112'090 km² Honduras
75%
130'370 km² Nicaragua
75%
261 km² St. Kitts und Nevis
75%
616 km² St. Lucia
75%
389 km² St. Vincent und die Grenadinen
75%
5'128 km² Trinidad und Tobago
75%
21'041 km² El Salvador
50%
108'889 km² Guatemala
50%
27'750 km² Haiti
50%
75'420 km² Panama
50%
Keine übereinstimmenden Quizze gefunden
Verteilung der Resultate
Anzahl Personen mit jedem Resultat
Perzentil nach korrekt beantworteten Fragen
Ihre Resultats-Entwicklung
Sie haben dieses Quiz noch nicht gespielt